000 00722nam a2200241Ia 4500
003 OSt
005 20220918221631.0
006 a|||||r|||| 00| 0
007 ta
008 220917b |||||||| |||| 00| 0 eng d
024 _a202,270
037 _cTextual
040 _aARTS
_cARTS
_beng
041 _2eng
_aeng
082 _aO111:g(V:17), P0
100 _aMignolo Walter D.
_997297
245 0 _aLocal history/ global designs
_bColoniality, subaltern knowledges and border thinking
260 _aPrinceton
_bPrinceton university press
_c2000
300 _axix, 371 p
_ccm.
650 _aENGLISH LITERATURE
942 _hO111:g(V:17), P0
_cTEXL
_2CC
999 _c273168
_d273168